Statistics for Literally: The Viking Song Lyrics (HORRIBLE HISTORIES)

Click here to take the quiz!

General Stats

  • This quiz has been taken 133 times
  • The average score is 134 of 220

Answer Stats

Answer% Correct
we
96%
literally
89%
the
89%
to
88%
a
85%
go
84%
we're
84%
of
80%
you
79%
and
76%
vikings
75%
gonna
72%
this
71%
town
69%
Sea
68%
sea
68%
that
68%
your
68%
in
65%
North
65%
then
65%
Was
65%
when
65%
sailed
64%
up
64%
7
63%
how
63%
summer
63%
going
61%
great
61%
me
61%
place
61%
so
61%
tonight
61%
back
60%
but
60%
don't
60%
get
60%
home
60%
on
60%
paint
60%
red
60%
across
59%
our
59%
tearing
59%
93
57%
blood
57%
kill
57%
night
57%
we'll
57%
whoa
57%
yeah
57%
wanted
56%
fight
55%
more
55%
much
55%
what
55%
dead
53%
drink
53%
friend
53%
just
53%
monks
53%
shore
53%
think
53%
whole
53%
English
52%
if
52%
something
52%
us
52%
with
52%
because
51%
friendship
51%
offered
51%
right
51%
ship
51%
slave
51%
wasn't
51%
set
49%
that's
49%
arrived
48%
boat's
48%
care
48%
slaves
48%
steal
48%
alight
47%
have
47%
known
47%
burn
45%
chucked
45%
crossed
45%
heavy
45%
love
45%
must
45%
often
45%
roll
45%
become
44%
skies
44%
skull
44%
though
44%
toast
44%
comets
43%
end
43%
from
43%
head
43%
or
43%
here
41%
raid
41%
upon
41%
you'll
41%
die
40%
my
40%
sleepy
40%
take
40%
let
39%
won't
39%
you're
39%
attack
37%
everything
37%
lose
37%
own
37%
ready
36%
ya
36%
please
35%
now
33%
monasteries
31%
primed
31%
I'll
25%
axe
24%
play
23%
Ragnar
13%

Score Distribution

Percentile by Number Answered

Percent of People with Each Score

Your Score History

You have not taken this quiz